000 00354nam a2200169Ia 4500
100 _aPucknell/Douglas A
650 _aVLSI
250 _a3
942 _cBK
366 _f20
245 _aBasic VLSI Design
260 _bPrentice -Hall of India
_aNew Delhi
_c2007
082 _a621.395/PUC
_bPUC
300 _a451
546 _aENGLISH
999 _c18547
_d18547